| 000 | 02251nac a2200253 a 4500 | ||
|---|---|---|---|
| 003 | Co-PeBPM | ||
| 005 | 20241106164912.0 | ||
| 008 | 241106e2016 |||d|||| |||| 00| 0 spa d | ||
| 020 | _a9789588850603 | ||
| 040 | 0 |
_aCo-PeBPM _bspa _cCo-PeBPM _erda |
|
| 041 | _aspa | ||
| 082 | 0 | 4 | _a303.660986 M823q |
| 100 | 1 | _aMorales, Nieto, Jairo | |
| 245 |
_a¿Qué es el posconflicto? _b: Colombia después de la guerra : una breve introducción al reto de cómo enfrentar el proceso de transición hacia la reconciliación y la Paz en Colombia _c/ Jairo Morales Nieto |
||
| 250 | _aSegunda edición | ||
| 260 |
_aBogotá, Colombia _b: Ediciones B _c, 2016 |
||
| 300 |
_a196 páginas _b: ilustraciones _c; 22 centímetros |
||
| 490 | _aColección: Lecturas sobre paz y desarrollo | ||
| 505 | _aContenido: Reconocimiento - Prologo - Introducción - Parte I Enfoque global - Parte II Enfoque local - Parte III Enfoque sectorial - Parte IV Beneficios, financiamiento y evaluación - Parte V La sociedad postconflicto - Parte VI Pleno empleo en la era postconflicto - Parte VII Un estudio de caso - Reflexiones finales - Bibliografía seleccionada del autor sobre paz y desarrollo | ||
| 520 | _aResumen: Mucho se habla de la paz, y muy poco, de lo qué se debería hacer después de llegar a un acuerdo en La Habana. ¿Qué es el postconflicto?, es una guía y un libro que trae estratégicas primicias para consolidar una verdadera paz después del conflicto armado. Este libro habla del postconflicto como proceso de una transformación social integra!, donde es esencial la creación de una cultura de paz y convivencia humana como la reconstrucción de las condiciones institucionales y materiales para hacerla viable y sostenible en el largo plazo. Su autor, Jairo Morales Nieto, es un experto investigador y asesor en temas de transición hacia la paz y desarrollo. También aborda asuntos relacionados con valoraciones sobre los beneficios de la paz, financiamiento y evaluación de la estrategia postconflicto. Este es un texto indispensable para los agentes multidisciplinarios que quieran profundizar en este trascendental suceso ara el país. | ||
| 650 | 1 | 4 |
_2LEMB _aEconomía |
| 650 | 1 | 4 |
_2LEMB _aPostconflicto armado _zColombia |
| 942 |
_2ddc _cBK _n0 |
||
| 999 |
_c60150 _d60150 |
||